[Event "London Classic Open 2018"]
[Site "London ENG"]
[Date "2018.12.13"]
[Round "5.4"]
[White "Gilevych, Artem"]
[Black "Yuffa, Daniil"]
[Result "0-1"]
[WhiteTitle "IM"]
[BlackTitle "GM"]
[WhiteElo "2409"]
[BlackElo "2572"]
[WhiteFideId "14121379"]
[BlackFideId "24131423"]
[EventDate "2018.12.09"]

1. Nf3 c5 2. c4 Nc6 3. Nc3 g6 4. e3 d6 5. d4 Bg7 6. Be2 Nf6 7. d5 Na5 8. O-O O-O
9. Qc2 Bg4 10. Bd2 e6 11. dxe6 Bxe6 12. b3 Nc6 13. Rad1 Qe7 14. Ne4 Nxe4 15.
Qxe4 a5 16. h4 h6 17. a4 Ra6 18. Qc2 Bf5 19. Bd3 Bg4 20. Be4 Re8 21. Bd5 Bf5 22.
Qc1 Rb6 23. e4 Bg4 24. Bxh6 Bxf3 25. Bg5 Qd7 26. gxf3 Rxb3 27. Bxc6 bxc6 28. Qf4
Be5 29. Qg4 Qxg4+ 30. fxg4 Bd4 31. Rfe1 Rg3+ 32. Kf1 Rxg4 33. Rxd4 cxd4 34. f3
Rxg5 35. hxg5 Rb8 36. e5 dxe5 37. Rxe5 Rb4 38. Rc5 Rxa4 39. Ke2 Ra3 40. Rxc6 Kf8
41. Rd6 Re3+ 42. Kf2 Re5 43. f4 Rc5 44. Rxd4 Ke7 45. Ke3 Rc6 46. f5 gxf5 47. Rd5
Ra6 48. Kf4 a4 49. Re5+ Kd6 50. Rxf5 Ra7 51. Rd5+ Kc6 52. Kf5 a3 53. Rd1 Kc5 54.
Rc1 Ra6 0-1

[Event "London Classic Open 2018"]
[Site "London ENG"]
[Date "2018.12.13"]
[Round "5.5"]
[White "Hillarp Persson, Tiger"]
[Black "D'Costa, Lorin A R"]
[Result "1/2-1/2"]
[WhiteTitle "GM"]
[BlackTitle "IM"]
[WhiteElo "2546"]
[BlackElo "2390"]
[WhiteFideId "1700812"]
[BlackFideId "409219"]
[EventDate "2018.12.09"]

1. Nf3 Nf6 2. c4 e6 3. g3 b6 4. Bg2 Bb7 5. O-O c5 6. Nc3 a6 7. d3 Be7 8. e4 d6
9. b3 O-O 10. Ng5 Nc6 11. f4 h6 12. Nh3 Nh7 13. Be3 Bf6 14. Rc1 Bd4 15. Bxd4
Nxd4 16. Ne2 e5 17. Nxd4 cxd4 18. Rc2 Qe7 19. Rcf2 Bc8 20. f5 b5 21. Kh1 Bd7 22.
Qh5 f6 23. Ng1 bxc4 24. bxc4 Rfb8 25. Qd1 Rb4 26. h4 Rab8 27. Bf3 Ba4 28. Qc1
Be8 29. Bd1 a5 30. Qd2 a4 31. a3 Rb1 32. Qa5 Qd8 33. Qd5+ Bf7 34. Qc6 Be8 35.
Qd5+ Bf7 36. Qc6 Be8 1/2-1/2

[Event "London Classic Open 2018"]
[Site "London ENG"]
[Date "2018.12.13"]
[Round "5.6"]
[White "Piesik, Piotr"]
[Black "Janik, Igor"]
[Result "1/2-1/2"]
[WhiteTitle "FM"]
[BlackTitle "IM"]
[WhiteElo "2404"]
[BlackElo "2476"]
[WhiteFideId "1136194"]
[BlackFideId "1159259"]
[EventDate "2018.12.09"]

1. c4 Nf6 2. Nc3 e6 3. Nf3 b6 4. g3 Bb7 5. Bg2 c5 6. O-O Nc6 7. d4 Nxd4 8. Nxd4
Bxg2 9. Kxg2 cxd4 10. Qxd4 Rc8 11. Bf4 Rc5 12. Rac1 Rh5 13. Bd6 Qa8+ 14. Kg1 Qc6
15. Bxf8 Rxf8 16. f3 Ke7 17. Rfd1 Rc8 18. Nb5 Qc5 19. Qxc5+ Rhxc5 20. Nxa7 Ra8
21. Nb5 Rxa2 22. Nc3 Ra8 23. b3 Ra3 24. Rd3 d5 25. Rcd1 Kf8 26. Na4 Rc6 27. Nb2
Ra2 28. R1d2 Ke7 29. Kf2 g5 30. cxd5 exd5 31. Nd1 Rxd2 32. Rxd2 Rc1 33. Ne3 Kd6
34. Nc4+ Kc5 35. Ne5 Rc3 36. Nxf7 g4 37. Ng5 gxf3 38. exf3 Rxb3 39. Ne6+ Kc4 40.
g4 Rd3 41. Rc2+ Rc3 42. Rd2 Rd3 1/2-1/2

[Event "London Classic Open 2018"]
[Site "London ENG"]
[Date "2018.12.13"]
[Round "5.7"]
[White "Gumularz, Szymon"]
[Black "Gschnitzer, Adrian"]
[Result "1-0"]
[WhiteTitle "IM"]
[BlackTitle "FM"]
[WhiteElo "2462"]
[BlackElo "2374"]
[WhiteFideId "1188062"]
[BlackFideId "1270337"]
[EventDate "2018.12.09"]

1. c4 Nf6 2. g3 c5 3. Bg2 Nc6 4. Nf3 d5 5. cxd5 Nxd5 6. Nc3 Nc7 7. O-O e5 8. Ne1
Bd7 9. Nd3 Bd6 10. Ne4 Qe7 11. b3 O-O 12. Bb2 Rae8 13. Rc1 b6 14. f4 exf4 15.
gxf4 Nb5 16. e3 Bb8 17. Qh5 Nd6 18. Ndf2 Nb4 19. Kh1 Nxe4 20. Bxe4 f5 21. Bf3
Nxa2 22. Rg1 Rf7 23. Nh3 Nxc1 24. Ng5 h6 25. Nxf7 Qxf7 26. Rxg7+ Qxg7 27. Bd5+
Re6 28. Bxe6+ Bxe6 29. Qe8+ Kh7 30. Bxg7 Bd5+ 31. Kg1 Kxg7 32. Qxb8 Bf7 33. Qxa7
Nxb3 34. Qxb6 c4 35. Qd6 Nc1 36. Qe5+ Kg6 37. e4 fxe4 38. f5+ Kh7 39. Qf6 Kg8
40. Qxh6 Ne2+ 41. Kf2 Nd4 42. Qg5+ Kh7 43. Qf6 1-0

[Event "London Classic Open 2018"]
[Site "London ENG"]
[Date "2018.12.13"]
[Round "5.8"]
[White "Flear, Glenn C"]
[Black "Megalios, Konstantinos"]
[Result "0-1"]
[WhiteTitle "GM"]
[WhiteElo "2451"]
[BlackElo "2365"]
[WhiteFideId "400165"]
[BlackFideId "4238044"]
[EventDate "2018.12.09"]

1. d4 Nf6 2. c4 e6 3. Nc3 Bb4 4. e3 O-O 5. Ne2 c6 6. a3 Ba5 7. Qc2 d5 8. Ng3
Nbd7 9. b4 Bc7 10. Bb2 dxc4 11. Bxc4 e5 12. O-O-O Qe8 13. Bb3 a5 14. Nb5 Bb8 15.
dxe5 cxb5 16. exf6 Nxf6 17. bxa5 Bg4 18. f3 Be5 19. Kb1 Be6 20. Bxe5 Bxb3 21.
Qb2 Bxd1 22. Bxf6 Qd7 23. Bxg7 Qd3+ 24. Ka1 Rfc8 25. Nh5 Ra6 26. Bd4 Rc2 27. Qb4
Rc4 28. Qb2 Rc2 29. Qb4 Rc1+ 30. Ka2 Qc2+ 0-1

[Event "London Classic Open 2018"]
[Site "London ENG"]
[Date "2018.12.13"]
[Round "5.9"]
[White "Lacasa Diaz, Jose Antonio"]
[Black "Akash Pc, Iyer"]
[Result "0-1"]
[WhiteTitle "IM"]
[BlackTitle "IM"]
[WhiteElo "2389"]
[BlackElo "2441"]
[WhiteFideId "2203375"]
[BlackFideId "5006775"]
[EventDate "2018.12.09"]

1. d4 Nf6 2. Bf4 g6 3. Nc3 d5 4. e3 Bg7 5. h4 c6 6. h5 Nxh5 7. Rxh5 gxh5 8. Qxh5
Nd7 9. Bd3 Nf6 10. Qh2 h5 11. f3 h4 12. O-O-O Nh5 13. Bc7 Qd7 14. e4 dxe4 15.
Bxe4 Ng3 16. Bxg3 hxg3 17. Qxg3 Bh6+ 18. Kb1 Qd6 19. Qf2 Bd7 20. d5 c5 21. Nge2
O-O-O 22. f4 Bg7 23. Bf3 f5 24. Qe3 Rhe8 25. Qd3 Kb8 26. Bh5 Rh8 27. Bf3 e5 28.
fxe5 Bxe5 29. Qc4 Bf6 30. g3 Be5 31. Nf4 Rdg8 32. Nce2 Qb6 33. Nd3 Bd6 34. Qc3
Re8 35. Nef4 Rhg8 36. Nh5 Re3 37. Nf6 Rd8 38. Nxd7+ Rxd7 39. Rf1 Qb5 40. b3 Be5
41. Qxc5 Qxc5 42. Nxc5 Rh7 43. Kc1 Bxg3 44. d6 Bxd6 45. Nxb7 Ba3+ 46. Kd2 f4 47.
Bd5 Rh2+ 48. Kd1 Ree2 0-1

[Event "London Classic Open 2018"]
[Site "London ENG"]
[Date "2018.12.13"]
[Round "5.10"]
[White "Lane, Gary W"]
[Black "Cornette, Matthieu"]
[Result "0-1"]
[WhiteTitle "IM"]
[BlackTitle "GM"]
[WhiteElo "2353"]
[BlackElo "2597"]
[WhiteFideId "3203301"]
[BlackFideId "620084"]
[EventDate "2018.12.09"]

1. e4 c5 2. Nf3 Nc6 3. d4 cxd4 4. Nxd4 Nf6 5. Nc3 e5 6. Ndb5 d6 7. Bg5 a6 8. Na3
Be6 9. Nc4 Rb8 10. g3 h5 11. h4 Nd4 12. Ne3 Qb6 13. Rb1 Ng4 14. Ned5 Qc5 15. b4
Qc8 16. Bd3 Nh2 17. Rxh2 Bg4 18. Be2 Bxe2 19. Nxe2 Nf3+ 20. Kf1 Nxh2+ 21. Kg2
Ng4 22. Rb3 f6 23. Rc3 Qd8 24. Nc7+ Ke7 25. Qd5 Qd7 26. Bc1 Rc8 27. Qxb7 Kd8 28.
f3 Rxc7 29. Rxc7 Qxc7 30. Qxc7+ Kxc7 31. fxg4 d5 32. exd5 Bxb4 0-1

[Event "London Classic Open 2018"]
[Site "London ENG"]
[Date "2018.12.13"]
[Round "5.11"]
[White "Istratescu, Andrei"]
[Black "Mihajlov, Sebastian"]
[Result "1/2-1/2"]
[WhiteTitle "GM"]
[BlackTitle "IM"]
[WhiteElo "2564"]
[BlackElo "2358"]
[WhiteFideId "1200372"]
[BlackFideId "1512110"]
[EventDate "2018.12.09"]

1. d4 d5 2. c4 c6 3. Nf3 Nf6 4. Nc3 dxc4 5. a4 Bf5 6. Ne5 Nbd7 7. Nxc4 Qc7 8. g3
e5 9. dxe5 Nxe5 10. Bf4 Nfd7 11. Bg2 g5 12. Nxe5 gxf4 13. Nxd7 O-O-O 14. Qd4
Qxd7 15. Qxf4 Bd6 16. Qc1 Kb8 17. O-O h5 18. h4 Qe6 19. a5 a6 20. Ra4 Qe5 21.
Ne4 Bxe4 22. Rxe4 Qxa5 23. Re3 Rhe8 24. Rxe8 Rxe8 25. Qc4 Qc5 26. Qxc5 Bxc5 27.
e3 Re5 28. Rd1 Kc7 29. Bf1 a5 30. Bc4 Re7 31. b3 b5 32. Be2 Re5 33. Kf1 Be7 34.
Rc1 Kb6 35. Bf3 Bc5 36. Ke2 a4 37. bxa4 bxa4 38. Rb1+ Kc7 39. Kd3 Rf5 40. Ke2
Re5 41. Kd3 Rf5 42. Ke2 Re5 1/2-1/2

[Event "London Classic Open 2018"]
[Site "London ENG"]
[Date "2018.12.13"]
[Round "5.12"]
[White "Hector, Jonny"]
[Black "Bradbury, Neil H"]
[Result "1/2-1/2"]
[WhiteTitle "GM"]
[BlackTitle "IM"]
[WhiteElo "2501"]
[BlackElo "2336"]
[WhiteFideId "1700090"]
[BlackFideId "400513"]
[EventDate "2018.12.09"]

1. e4 c5 2. Nf3 e6 3. d4 cxd4 4. Nxd4 Nc6 5. Nc3 Qc7 6. f4 a6 7. Nxc6 bxc6 8.
Bd3 d5 9. O-O Nf6 10. Qe2 Bc5+ 11. Kh1 Bb7 12. Na4 Be7 13. e5 Nd7 14. c4 d4 15.
f5 Qxe5 16. Qc2 g5 17. c5 Nxc5 18. Nxc5 Qxc5 19. Qe2 Bc8 20. Bd2 h6 21. Rac1 Qd6
22. f6 Bd8 23. Rxc6 Qxc6 24. Be4 Qb5 25. Qxb5+ axb5 26. Bxa8 Bd7 27. Be4 O-O 28.
h4 gxh4 29. Bxh6 Re8 30. Bg5 Bc7 31. Bxh4 Be5 32. Re1 Bf4 33. Kg1 Rc8 34. Kf2
Be3+ 35. Kf3 Bc6 36. Bxc6 Rxc6 37. Bg3 Bc1 38. b3 Rc2 39. Be5 d3 40. a4 d2 41.
Rd1 bxa4 42. bxa4 Ra2 43. Bf4 Rxa4 44. Bxd2 Bxd2 45. Rxd2 Kh7 46. Rd7 Kg6 47.
Rb7 Kxf6 48. g4 Kg6 49. Re7 Ra1 50. Rb7 Ra3+ 51. Kg2 f6 52. Rb8 Kg5 53. Rg8+ Kf4
54. Rg6 Ra2+ 55. Kh3 f5 56. gxf5 exf5 57. Rf6 Re2 58. Rf8 1/2-1/2

[Event "London Classic Open 2018"]
[Site "London ENG"]
[Date "2018.12.13"]
[Round "5.13"]
[White "Kueppers, Timo"]
[Black "Ghasi, Ameet K"]
[Result "0-1"]
[WhiteTitle "FM"]
[BlackTitle "IM"]
[WhiteElo "2320"]
[BlackElo "2498"]
[WhiteFideId "16205820"]
[BlackFideId "409200"]
[EventDate "2018.12.09"]

1. c4 g6 2. g3 Bg7 3. Bg2 Nf6 4. Nc3 O-O 5. d4 d6 6. Nf3 Nc6 7. O-O a6 8. b3 Rb8
9. d5 Na5 10. Bg5 h6 11. Bd2 c5 12. dxc6 Nxc6 13. Rc1 Bf5 14. Nd5 Ne4 15. Be3 e6
16. Bb6 Qd7 17. Ne3 Nc3 18. Qd2 Ne4 19. Qe1 Nc5 20. Nxf5 gxf5 21. Qd2 Qe7 22.
Rfd1 Ne4 23. Qe3 Rfe8 24. Nd4 Nxd4 25. Bxd4 Nf6 26. Bb6 Rbc8 27. Rd3 Ng4 28. Qd2
Bf8 29. Rd4 Kh7 30. e4 fxe4 31. Bxe4+ f5 32. Bb1 Ne5 33. Qe3 Rc6 34. c5 dxc5 35.
Ra4 Ng6 36. Ba5 b5 37. Ra3 c4 38. b4 Bg7 39. Qe2 c3 40. Rb3 Qg5 41. Rd1 e5 42.
a4 Nf4 43. Qc2 e4 44. axb5 axb5 45. Rd7 Qg4 46. Bc7 Ne2+ 47. Kf1 Nd4 48. Be5
Qh3+ 0-1

[Event "London Classic Open 2018"]
[Site "London ENG"]
[Date "2018.12.13"]
[Round "5.14"]
[White "Gormally, Daniel W"]
[Black "Ronka, Erik"]
[Result "1-0"]
[WhiteTitle "GM"]
[WhiteElo "2478"]
[BlackElo "2281"]
[WhiteFideId "406465"]
[BlackFideId "505080"]
[EventDate "2018.12.09"]

1. d4 d5 2. c4 c6 3. Nf3 Nf6 4. Nc3 e6 5. Bg5 dxc4 6. e4 b5 7. e5 h6 8. Bh4 g5
9. Bg3 Nd5 10. Nd2 Bb7 11. Be2 Qb6 12. a4 a5 13. O-O Nd7 14. Rc1 Nf4 15. Bxf4
gxf4 16. Nf3 Rg8 17. Qd2 b4 18. Ne4 c5 19. dxc5 Bxc5 20. Rxc4 Bxe4 21. Rxe4 Qc6
22. Qxf4 Qxa4 23. Nd4 Bxd4 24. Rxd4 Rg5 25. b3 Qc6 26. Bf3 Qc8 27. Rc1 Qa6 28.
Rxd7 1-0

[Event "London Classic Open 2018"]
[Site "London ENG"]
[Date "2018.12.13"]
[Round "5.15"]
[White "Signorelli, Gaetano"]
[Black "Arkell, Keith C"]
[Result "0-1"]
[BlackTitle "GM"]
[WhiteElo "2222"]
[BlackElo "2453"]
[WhiteFideId "863416"]
[BlackFideId "400270"]
[EventDate "2018.12.09"]

1. e4 c6 2. d4 d5 3. Nc3 g6 4. e5 Bg7 5. f4 h5 6. Nf3 Bg4 7. h3 Bxf3 8. Qxf3 e6
9. Be3 h4 10. Bd3 Na6 11. a3 Nh6 12. O-O Nf5 13. Bf2 Nc7 14. Ne2 a5 15. a4 Bf8
16. Kh2 Be7 17. Ng1 Kf8 18. Qe2 Ne8 19. Bxf5 exf5 20. Nf3 Ng7 21. b3 Ne6 22. Qd2
Kg7 23. Rfd1 Qd7 24. Rac1 b5 25. Ra1 b4 26. Be3 Rac8 27. c3 bxc3 28. Qxc3 Rb8
29. Rab1 Bb4 30. Qd3 Rb6 31. Rdc1 Qb7 32. Rc2 Be7 33. Bd2 Ra8 34. Rcb2 c5 35.
dxc5 Nxc5 36. Qd4 Ne6 37. Qd3 Qd7 38. Nd4 Bc5 39. Nf3 Bf2 40. Be3 Bg3+ 41. Kh1
Rb4 42. Rd1 Rab8 43. Bf2 Nxf4 44. Qa6 Ne6 45. Qxa5 Rxb3 46. Rxd5 Qxd5 47. Qxd5
Rxb2 48. Be3 Rb1+ 49. Ng1 Rd8 50. Qa2 Rdd1 51. a5 Ra1 52. Qb3 Bxe5 53. a6 Bd4
54. a7 Bxe3 55. Qxd1 Rxd1 56. a8=Q Rxg1+ 57. Kh2 Nf4 58. Qd8 Rxg2+ 59. Kh1 Rg3 0-1

[Event "London Classic Open 2018"]
[Site "London ENG"]
[Date "2018.12.13"]
[Round "5.16"]
[White "Elsness, Frode"]
[Black "Van Zyl-Rudd, Jack"]
[Result "1-0"]
[WhiteTitle "IM"]
[BlackTitle "FM"]
[WhiteElo "2447"]
[BlackElo "2306"]
[WhiteFideId "1501100"]
[BlackFideId "14309017"]
[EventDate "2018.12.09"]

1. c4 e6 2. Nf3 d5 3. g3 Nf6 4. Bg2 Be7 5. d4 O-O 6. O-O dxc4 7. Qc2 b6 8. Bg5
Nd5 9. Bxe7 Qxe7 10. e4 Nb4 11. Qc3 c5 12. a3 Nd3 13. Nbd2 cxd4 14. Nxd4 Bb7 15.
Nxc4 Nc5 16. Qe3 Nc6 17. Nxc6 Bxc6 18. b4 Nd7 19. Rfc1 Rac8 20. Qd4 Ba8 21. Nd6
Rxc1+ 22. Rxc1 Nf6 23. f3 Rd8 24. Rc8 Rxc8 25. Nxc8 Qc7 26. Nxa7 h5 27. Nb5 Qc1+
28. Bf1 Bc6 29. Qc3 Qxc3 30. Nxc3 g5 31. Kf2 g4 32. e5 Nd7 33. f4 f6 34. exf6
Kf7 35. Ke3 Kxf6 36. Ne4+ Ke7 37. Kd4 Nf8 38. Bc4 Ng6 39. Bb3 h4 40. Bd1 hxg3
41. hxg3 Bxe4 42. Kxe4 Kf6 43. Bxg4 e5 44. fxe5+ Nxe5 45. Be2 1-0

[Event "London Classic Open 2018"]
[Site "London ENG"]
[Date "2018.12.13"]
[Round "5.17"]
[White "Stoyanov, Viktor"]
[Black "McDonald, Neil"]
[Result "0-1"]
[BlackTitle "GM"]
[WhiteElo "2205"]
[BlackElo "2403"]
[WhiteFideId "450308"]
[BlackFideId "400629"]
[EventDate "2018.12.09"]

1. d4 d5 2. c4 e6 3. Nf3 Nf6 4. g3 dxc4 5. Bg2 Bd7 6. O-O Bc6 7. a4 a6 8. Nc3
Bb4 9. Qc2 Bxc3 10. Qxc3 Bd5 11. Ne5 Bxg2 12. Kxg2 Qd5+ 13. f3 Nc6 14. e4 Qxd4
15. Nxc6 Qxc3 16. bxc3 bxc6 17. Rb1 O-O-O 18. Rb4 Nd7 19. a5 c5 20. Rxc4 Kb7 21.
Bf4 Kc6 22. Ra4 Rb8 23. Ra2 Rb3 24. Rc1 Rhb8 25. Rcc2 R8b7 26. c4 Rd3 27. Rd2
Rbb3 28. Rxd3 Rxd3 29. Rc2 Ra3 30. Bd2 Ne5 31. Bf4 Nd3 32. Bd2 Nb4 33. Rb2 Rxa5
34. Bxb4 cxb4 35. Rxb4 Ra1 36. Rb8 a5 37. Rf8 a4 38. Rb8 a3 39. Rb5 Ra2+ 40. Kh3
Rf2 41. f4 a2 42. Ra5 Kb6 43. Ra8 Kc5 44. Ra7 c6 45. Ra6 Kd4 46. e5 c5 47. Ra4
Kc3 0-1

[Event "London Classic Open 2018"]
[Site "London ENG"]
[Date "2018.12.13"]
[Round "5.18"]
[White "Bezuidenhout, Roland"]
[Black "Cherniaev, Alexander"]
[Result "0-1"]
[WhiteTitle "FM"]
[BlackTitle "GM"]
[WhiteElo "2145"]
[BlackElo "2393"]
[WhiteFideId "14304562"]
[BlackFideId "4117301"]
[EventDate "2018.12.09"]

1. d4 Nf6 2. c4 b6 3. Nc3 Bb7 4. Nf3 e6 5. a3 g6 6. Bf4 Bg7 7. e3 O-O 8. h3 Ne4
9. Nxe4 Bxe4 10. Bd3 Bb7 11. O-O d6 12. Bg3 Nd7 13. Nd2 f5 14. Qc2 Qe7 15. Rae1
c5 16. dxc5 Nxc5 17. b4 Nxd3 18. Qxd3 e5 19. Rc1 Kh8 20. Rfd1 g5 21. Nb1 f4 22.
Bh2 Rad8 23. Nc3 f3 24. e4 fxg2 25. Kxg2 Bc8 26. Ne2 g4 27. Ng1 gxh3+ 28. Kf1
Be6 29. Rc2 Rd7 30. Qe3 Rc7 31. Qd3 Qf7 32. Nxh3 Qh5 0-1

[Event "London Classic Open 2018"]
[Site "London ENG"]
[Date "2018.12.13"]
[Round "5.19"]
[White "Lewtak, Damian"]
[Black "Venkataramanan, T.S."]
[Result "1-0"]
[BlackTitle "FM"]
[WhiteElo "2393"]
[BlackElo "2253"]
[WhiteFideId "1141724"]
[BlackFideId "5001579"]
[EventDate "2018.12.09"]

1. c4 e6 2. Nf3 d5 3. e3 Nf6 4. b3 Be7 5. Bb2 c5 6. g3 Nc6 7. Bg2 d4 8. exd4
cxd4 9. d3 O-O 10. O-O Ne8 11. Ba3 f6 12. Bxe7 Qxe7 13. a3 a5 14. Nbd2 Nc7 15.
Ne1 e5 16. Nc2 Bf5 17. Qe2 Kh8 18. f4 Qe6 19. Rae1 Rae8 20. fxe5 Nxe5 21. Nxd4
Qb6 22. Rxf5 Ne6 23. Qf2 Nxd4 24. Rexe5 Rd8 25. Re4 1-0

[Event "London Classic Open 2018"]
[Site "London ENG"]
[Date "2018.12.13"]
[Round "5.20"]
[White "Milliet, Sophie"]
[Black "Haribalu, V."]
[Result "1/2-1/2"]
[WhiteTitle "IM"]
[WhiteElo "2376"]
[BlackElo "2208"]
[WhiteFideId "623725"]
[BlackFideId "5015189"]
[EventDate "2018.12.09"]

1. e4 g6 2. d4 Bg7 3. Nc3 c5 4. d5 d6 5. Nf3 Nf6 6. Be2 O-O 7. O-O e6 8. Bg5 h6
9. Bh4 g5 10. dxe6 gxh4 11. exf7+ Kxf7 12. Bc4+ Be6 13. Bxe6+ Kxe6 14. Nxh4 Kf7
15. Nf5 Nc6 16. Nb5 Kg8 17. Nxg7 Kxg7 18. Nxd6 Kh7 19. f4 Ne8 20. Nf5 Qxd1 21.
Raxd1 Rf7 22. c3 Rb8 23. Rd3 Ng7 24. Ne3 Ne6 25. g3 Rd8 26. Rfd1 Rg8 27. Kh1
Nxf4 28. gxf4 Rxf4 29. Rd7+ Rg7 30. Nf5 Rxd7 31. Rxd7+ Kg6 32. Ne7+ Nxe7 33.
Rxe7 Rf2 34. Rxb7 Kf6 35. a4 c4 36. Rxa7 Rxb2 37. Rc7 Ra2 38. Rxc4 Ke5 39. Rc6
Rxa4 40. Rxh6 Ra2 41. h4 Kf4 42. h5 Kg5 43. Rh8 Rc2 44. Kg1 Rxc3 45. Kf2 Rh3 46.
h6 Kg6 47. Ke2 Kf6 48. Kd2 Kg6 49. Rd8 Kg5 50. Rg8+ Kf4 51. Rh8 Kg5 52. Ke2 Kg6
53. Kf2 Kf6 54. e5+ Kxe5 55. Kg2 Rh5 56. Kg3 Kf5 57. h7 Kg6 1/2-1/2

[Event "London Classic Open 2018"]
[Site "London ENG"]
[Date "2018.12.13"]
[Round "5.21"]
[White "Wadsworth, Matthew J"]
[Black "McClement, Andrew"]
[Result "1-0"]
[WhiteTitle "FM"]
[WhiteElo "2364"]
[BlackElo "2182"]
[WhiteFideId "415804"]
[BlackFideId "2400480"]
[EventDate "2018.12.09"]

1. Nf3 Nf6 2. g3 e6 3. Bg2 b6 4. O-O Bb7 5. c4 Be7 6. b3 O-O 7. Bb2 d5 8. e3 c5
9. Nc3 dxc4 10. bxc4 Nc6 11. Qe2 Rc8 12. Rfd1 Qc7 13. Rab1 Rfd8 14. d3 Nd7 15.
Ne4 Nde5 16. Nxe5 Nxe5 17. f4 Nd7 18. g4 f6 19. h4 Bc6 20. Ba1 Bf8 21. h5 e5 22.
f5 h6 23. Qf2 a6 24. Nc3 Rb8 25. a4 Rdc8 26. Bxc6 Qxc6 27. Qg2 Rb7 28. Rb3 Be7
29. Nd5 Bf8 30. Rdb1 Rbb8 31. Nc3 a5 32. Rb5 Qxg2+ 33. Kxg2 Be7 34. Nd5 Bd8 35.
Bc3 Ra8 36. Kf3 Rc6 37. Ke4 Kf7 38. Be1 Rac8 39. R5b2 Ra8 40. Nc3 Ke7 41. Bd2
Ra6 42. Rb3 Ra8 43. Bc1 Kf7 44. Nd5 Rac8 45. Ba3 Ra8 46. Nc3 Rcc8 47. Kd5 Be7
48. Nb5 Nf8 49. Ke4 Nh7 50. Kf3 Nf8 51. Nc3 Bd8 52. Rxb6 Bxb6 53. Rxb6 Rab8 54.
Ra6 Rb3 55. Ra7+ Kg8 56. Nd5 Rcb8 57. Bxc5 Rxd3 58. g5 hxg5 59. h6 Nh7 60. Ne7+
Kf7 61. Nc6+ Kg8 62. Rxg7+ Kh8 63. Nxb8 Rc3 64. Nc6 Rxc4 65. Ne7 Nf8 66. Nd5 Nh7
67. Rc7 g4+ 68. Ke2 Nf8 69. Nxf6 g3 70. Rc8 Rc2+ 71. Kd3 e4+ 72. Kd4 Rd2+ 73.
Ke5 Rd5+ 74. Kxd5 g2 75. Rxf8# 1-0

[Event "London Classic Open 2018"]
[Site "London ENG"]
[Date "2018.12.13"]
[Round "5.22"]
[White "Britton, Richard L"]
[Black "Bogner, Sebastian"]
[Result "1/2-1/2"]
[WhiteTitle "FM"]
[BlackTitle "GM"]
[WhiteElo "2186"]
[BlackElo "2610"]
[WhiteFideId "401692"]
[BlackFideId "4692055"]
[EventDate "2018.12.09"]

1. e4 c5 2. Nf3 d6 3. d4 cxd4 4. Nxd4 Nf6 5. Nc3 a6 6. f4 Qc7 7. Nf3 Nbd7 8. a4
g6 9. Bd3 Bg7 10. O-O O-O 11. Qe1 e6 12. Kh1 b6 13. Qh4 Bb7 14. f5 Rae8 15. Bh6
exf5 16. exf5 Bxh6 17. Qxh6 Ne5 18. Nxe5 dxe5 19. Rae1 e4 20. Be2 Qe5 21. Qe3
Rb8 22. Rd1 Kg7 23. Kg1 Rfc8 24. Rf2 Rc6 25. fxg6 hxg6 26. Rdf1 Rd6 27. g4 Rf8
28. g5 Nd7 29. Bc4 f5 30. gxf6+ Rfxf6 31. Rxf6 Nxf6 32. h3 Qd4 33. Qxd4 Rxd4 34.
Bb3 Bc8 35. h4 e3 36. Rf3 Ng4 37. Rf7+ Kh6 38. Re7 Bf5 39. Kg2 g5 40. hxg5+ Kxg5
41. Kf3 Rf4+ 42. Kg3 Rf1 43. Nd5 Re1 44. Kf3 Nh2+ 45. Kg3 Re2 46. Rg7+ Kh6 47.
Re7 Nf1+ 48. Kf4 Rf2+ 49. Ke5 Bxc2 50. Bxc2 Rxc2 51. Kd4 Rd2+ 52. Kc4 b5+ 53.
axb5 axb5+ 54. Kc5 e2 55. Nc3 Ng3 56. Nxe2 Nxe2 57. Kxb5 Rxb2+ 58. Kc5 Kg5 59.
Re8 Nf4 60. Kc4 Kf5 61. Kc3 Rb7 62. Re1 Rc7+ 63. Kd4 Rd7+ 64. Kc4 Nd3 65. Re2
Ne5+ 66. Kc5 Ke6 67. Kb4 Rd1 68. Kc3 Rd3+ 69. Kc2 Rh3 70. Rd2 Nc6 71. Rg2 Kd5
72. Kb2 Nd4 73. Rg8 Rb3+ 74. Ka2 Kc4 75. Rc8+ Kd3 76. Rc7 Rb8 77. Rd7 Rb6 78.
Rh7 Ne2 79. Rh3+ Kc4 80. Rh4+ Nd4 81. Rh3 Rg6 82. Kb2 Rg1 83. Rc3+ Kb4 84. Rh3
Rf1 85. Rg3 Rf2+ 86. Kb1 Nf3 87. Rg8 Ne5 88. Kc1 Kc3 89. Kd1 Nf3 90. Rc8+ Kd3
91. Rd8+ Nd4 92. Kc1 Rf7 93. Kb2 Rc7 94. Rd6 Rb7+ 95. Kc1 Rc7+ 96. Kb2 Rc2+ 97.
Kb1 Rh2 98. Rd8 Rg2 99. Rd7 Rg8 100. Kb2 Rc8 101. Kb1 Kc3 102. Rh7 Kd2 103. Rh2+
Ne2 104. Kb2 Rb8+ 105. Ka3 Kc3 106. Rh3+ Kc4 1/2-1/2

[Event "London Classic Open 2018"]
[Site "London ENG"]
[Date "2018.12.13"]
[Round "5.23"]
[White "Sumit, Kumar"]
[Black "Hawkins, Jonathan"]
[Result "0-1"]
[BlackTitle "GM"]
[WhiteElo "2179"]
[BlackElo "2583"]
[WhiteFideId "5054010"]
[BlackFideId "412686"]
[EventDate "2018.12.09"]

1. e4 c6 2. d4 d5 3. e5 c5 4. Nf3 Nc6 5. Bb5 Bg4 6. dxc5 Qa5+ 7. Nc3 e6 8. Bd2
Qc7 9. b4 a5 10. O-O axb4 11. Na4 Ra5 12. Qe2 Bxf3 13. gxf3 Ra7 14. Bxb4 Nh6 15.
c4 d4 16. Nb2 Be7 17. Qe4 O-O 18. Bxc6 Qxc6 19. Qxc6 bxc6 20. Nd3 Nf5 21. Rfd1
Nh4 22. Ne1 Rb8 23. a3 Bg5 24. Rab1 Rd8 25. Rb3 f6 26. exf6 gxf6 27. Ng2 Nxg2
28. Kxg2 e5 29. Kf1 Bf4 30. h3 Kf7 31. Ke2 Rg8 32. Bd2 Bxd2 33. Kxd2 Ke6 34. f4
Ra5 35. Kd3 Rg2 36. fxe5 fxe5 37. Rd2 Kf5 38. Ra2 Rh2 39. Ke2 e4 40. Rg3 Ra4 41.
Kf1 Rh1+ 42. Kg2 Rc1 43. Rg7 d3 44. Rd7 Rcxc4 45. Kg3 Rc2 46. Ra1 Rc3 47. Kg2
Raxa3 48. Rd1 Rc2 49. Kg1 h5 50. f3 e3 51. R1xd3 Rxd3 52. Rxd3 Rc1+ 0-1

[Event "London Classic Open 2018"]
[Site "London ENG"]
[Date "2018.12.13"]
[Round "5.24"]
[White "Debashis, Das"]
[Black "Keetman, Maaike"]
[Result "1-0"]
[WhiteTitle "GM"]
[WhiteElo "2544"]
[BlackElo "2173"]
[WhiteFideId "5024854"]
[BlackFideId "1033697"]
[EventDate "2018.12.09"]

1. Nf3 Nf6 2. c4 c5 3. Nc3 Nc6 4. g3 g6 5. Bg2 Bg7 6. O-O O-O 7. d4 d6 8. d5 Na5
9. Nd2 a6 10. Qc2 b5 11. cxb5 axb5 12. Nxb5 Qb6 13. Nc3 Bf5 14. e4 Bc8 15. Rb1
Ba6 16. Rd1 Ng4 17. Nf3 Nc4 18. h3 Nge5 19. Nxe5 Nxe5 20. b3 Rfc8 21. Na4 Qa7
22. Be3 Qc7 23. Kh2 Rab8 24. f4 Nd7 25. Rdc1 Qa5 26. Bd2 Qb5 27. Nb2 Qe2 28. Re1
Qf2 29. Qc1 Qd4 30. e5 dxe5 31. Bc3 Qf2 32. Nd1 Qxa2 33. Ra1 Qxb3 34. Rxa6 exf4
35. Qxf4 Bxc3 36. Rxe7 Rf8 37. Nxc3 Qxc3 38. Rxd7 Rb2 39. Raa7 Qc2 40. Qf3 Rb3
41. Rxf7 Rxf3 42. Rg7+ Kh8 43. Rxh7+ Kg8 44. Rag7# 1-0